000 00693nam a2200217Ii 4500
003 JO-AjNU
008 230605s9999||||xx |||||||||||||| ||und||
017 _a2009/5883
020 _a978-977-6341-04-3
040 _aJO-AjNU
_bara
_erda
_cJO-AjNU
041 _aara
050 1 4 _aHF5655 2010
100 3 _aتأليف: زكي، السيد محمود,
_eauthor
_928149
245 0 0 _aمبادىء المحاسبة المالية
264 3 1 _aالاسكندرية: الدار الجامعية؛2010
300 _a399ص
336 _atext
_btxt
_2rdacontent
337 _aunmediated
_bn
_2rdamedia
338 _avolume
_bnc
_2rdacarrier
650 4 _aالمحاسبة التحليلية
_928150
999 _aA10881
_c14449
_d14449